Users With Most Highest Rated Quizzes - Statistics

General Stats
  • This quiz has been taken 55 times
  • The average score is 3 of 24
Answer Stats
# Highest Rated Quiz User % Correct
47 Countries of the World with an Empty Map relessness
92%
2 Biggest Military Spenders (as a percentage of GDP) kalbahamut
30%
37 World Map without 12 Countries scambigol
28%
29 Five Most Populated Countries by Continent Quizzer6794
24%
2 Países por las primeras 2 letras en 90 segundos Gamer1162
22%
24 Countries Closest to Italy Jerry928
22%
14 Country Shapes in the World Map #2 KoljiVriVoda
18%
14 Capitales de l'Europe punkfrancais
14%
9 Countries Based on First Two Letters #2 kiwirage
10%
7 Countries of Africa LBA
10%
3 13 Original American Colonies CBTemple
8%
2 Les 151 premiers pokemon en français katsudk
8%
3 Spell Check ThirdParty
8%
2 Maailman valtioiden nimet suomeksi markjohan
6%
2 Most Populous Countries A-Z MattPunk
6%
7 Países del Mundo punkEspanol
6%
2 The Ultimate Bible Characters Quiz Geoguy
4%
2 Longest International Borders Quickman
4%
2 Countries with Z CtG526
2%
4 Countries with the Most Borders A-Z exotic
2%
3 10 Biggest European Countries Quiz gjcsarris
2%
2 Countries with the Most Forest hwes
2%
2 Geographic Groups of Two manchesterutd10
2%
2 Members of the Arab League CrazyWombat
0%
No matching quizzes found
Score Distribution
Percent of People with Each Score
Percentile by Number Answered
Your Score History
You have not taken this quiz